Sports Quiz

Random Sports or University Quiz
Score 0/20 Timer 07:00
3 Plays Today
Hint Answer % Correct
StatePennsylvania
97.4%
Team ColorBlue
94.2%
Team ColorGold
92.5%
NicknamePanthers
91%
CityPittsburgh
90.5%
ConferenceACC
89.8%
Primary RivalPenn State
84.4%
Famous Alum: WR Larry _______Fitzgerald
79.7%
No. of Women's Varsity Sports9
78.2%
No. of Men's Varsity Sports8
77.8%
Hint Answer % Correct
Famous Alum: RB _____ DorsettTony
75.8%
Sport w/ most NCAA ChampionshipsFootball (9)
70.2%
Primary RivalWest Virginia
60.7%
Football StadiumHeinz Field
57.7%
Basketball ArenaPetersen Events Center
49.1%
Fight SongHail to Pitt
20.3%
MascotRoc
20.3%
Athletic DirectorHeather Lyke
16.6%
Baseball StadiumCharles L. Cost Field
6.7%
Fight SongPitt Victory Song
5.8%
Remove Ads.
Support Sporcle.
Get the best of Sporcle when you Go Orange. This ad-free experience offers more features, more stats, and more fun while also helping to support Sporcle. Thank you for becoming a member.

You're not logged in!

Compare scores with friends on all Sporcle quizzes.
OR
Log In

Show Comments

Extras

Top Quizzes Today


Score Distribution

Your Account Isn't Verified!

In order to create a playlist on Sporcle, you need to verify the email address you used during registration. Go to your Sporcle Settings to finish the process.

Report this User

Report this user for behavior that violates our Community Guidelines.

Details: